00368nam a2200109Ia 4500008004100000082000800041100001400049245007700063942000600140952009700146999001500243240331s9999 xx 000 0 und d bLIB aLogos. ed 0aLiberation on the village :btransport and health- Logos, Vol. 16, No. 1 cL 001040708LaWERCLbWERCLcSSCd2024-03-31l0o 307.72 LIBp226r2024-03-31w2024-03-31yL c2231d2231